[Event "blitmenteam"]
[Site "?"]
[Date "2016.10.07"]
[Round "3.3"]
[White "Popov, Ivan"]
[Black "Evdokimov, Alexander A."]
[Result "0-1"]
[LiveChessVersion "1.4.4"]
[BlackElo "2524"]
[WhiteElo "2606"]

1. e4 {[%clk 0:03:03]} c5 {[%clk 0:03:03]} 2. Nf3 {[%clk 0:03:03]} Nc6
{[%clk 0:03:04]} 3. Bb5 g6 4. Bxc6 {[%clk 0:03:04]} bxc6 {[%clk 0:03:07]} 5. O-O
{[%clk 0:03:05]} Bg7 {[%clk 0:03:08]} 6. Re1 {[%clk 0:03:05]} Nh6
{[%clk 0:03:09]} 7. c3 {[%clk 0:03:05]} O-O {[%clk 0:03:09]} 8. h3
{[%clk 0:03:06]} f6 {[%clk 0:03:10]} 9. d4 {[%clk 0:03:06]} cxd4 {[%clk 0:03:09]}
10. cxd4 {[%clk 0:03:07]} Nf7 {[%clk 0:03:10]} 11. Nc3 {[%clk 0:03:07]} d6
{[%clk 0:03:09]} 12. Bd2 {[%clk 0:02:49]} Bd7 {[%clk 0:03:09]} 13. Rc1
{[%clk 0:02:49]} Qb6 {[%clk 0:03:10]} 14. b3 {[%clk 0:02:49]} Rfc8
{[%clk 0:03:10]} 15. Be3 {[%clk 0:02:35]} Qa5 {[%clk 0:03:05]} 16. Nd2
{[%clk 0:02:32]} Rab8 {[%clk 0:03:04]} 17. Nc4 {[%clk 0:02:31]} Qd8
{[%clk 0:03:05]} 18. d5 {[%clk 0:02:27]} c5 {[%clk 0:02:42]} 19. f4
{[%clk 0:02:24]} Rb4 {[%clk 0:01:56]} 20. Bd2 {[%clk 0:02:13]} Ra8
{[%clk 0:01:42]} 21. Ne2 {[%clk 0:01:38]} Rb7 {[%clk 0:01:42]} 22. Bc3
{[%clk 0:01:31]} a5 {[%clk 0:01:42]} 23. a4 {[%clk 0:01:25]} Qc7 {[%clk 0:01:30]}
24. Ng3 {[%clk 0:01:19]} Bh6 {[%clk 0:01:30]} 25. Rf1 {[%clk 0:01:17]} Rba7
{[%clk 0:01:21]} 26. Rb1 {[%clk 0:01:17]} Rb7 {[%clk 0:01:19]} 27. Qe1
{[%clk 0:01:13]} Rab8 {[%clk 0:01:15]} 28. Nxa5 {[%clk 0:01:12]} Rb6
{[%clk 0:01:17]} 29. Rb2 {[%clk 0:00:55]} Bxa4 {[%clk 0:01:15]} 30. bxa4
{[%clk 0:00:56]} Rxb2 {[%clk 0:01:16]} 31. Bxb2 {[%clk 0:00:57]} Rxb2
{[%clk 0:01:18]} 32. Nc6 {[%clk 0:00:58]} Nd8 {[%clk 0:01:10]} 33. Qc3
{[%clk 0:00:51]} Rb6 {[%clk 0:01:09]} 34. Nxd8 Qxd8 {[%clk 0:01:10]} 35. Ne2
{[%clk 0:00:42]} Rb4 {[%clk 0:01:11]} 36. Qc2 {[%clk 0:00:41]} Qa5
{[%clk 0:01:10]} 37. Ra1 {[%clk 0:00:41]} Bg7 {[%clk 0:01:06]} 38. Ra2
{[%clk 0:00:42]} Rb8 {[%clk 0:01:01]} 39. f5 {[%clk 0:00:39]} Qe1+
{[%clk 0:00:51]} 40. Kh2 {[%clk 0:00:39]} Rb1 {[%clk 0:00:52]} 41. a5
{[%clk 0:00:30]} Bh6 {[%clk 0:00:52]} 42. Qc3 Bf4+ {[%clk 0:00:30]} 43. Nxf4
{[%clk 0:00:23]} Qxc3 {[%clk 0:00:31]} 44. a6 {[%clk 0:00:24]} Rb8
{[%clk 0:00:33]} 45. Ne6 {[%clk 0:00:25]} Qe5+ {[%clk 0:00:29]} 46. g3
{[%clk 0:00:25]} Rb2+ {[%clk 0:00:30]} 0-1

[Event "blitmenteam"]
[Site "?"]
[Date "2016.10.07"]
[Round "3.4"]
[White "Zablotsky, Sergei"]
[Black "Motylev, Alexander"]
[Result "1-0"]
[LiveChessVersion "1.4.4"]
[BlackElo "2613"]
[WhiteElo "2519"]

1. d4 {[%clk 0:03:02]} d5 {[%clk 0:03:03]} 2. c4 {[%clk 0:03:02]} c6
{[%clk 0:03:04]} 3. cxd5 {[%clk 0:03:01]} cxd5 {[%clk 0:03:04]} 4. Bf4
{[%clk 0:03:02]} Nf6 {[%clk 0:03:02]} 5. e3 {[%clk 0:03:02]} Nc6 {[%clk 0:03:02]}
6. Nc3 {[%clk 0:03:02]} Bg4 {[%clk 0:03:00]} 7. Qb3 {[%clk 0:02:58]} Na5
{[%clk 0:02:57]} 8. Qa4+ {[%clk 0:02:59]} Bd7 {[%clk 0:02:57]} 9. Qc2
{[%clk 0:02:59]} e6 {[%clk 0:02:51]} 10. Nf3 {[%clk 0:02:59]} Be7
{[%clk 0:02:45]} 11. Bd3 {[%clk 0:02:56]} Nc6 {[%clk 0:02:45]} 12. a3
{[%clk 0:02:55]} Nh5 {[%clk 0:02:42]} 13. Be5 {[%clk 0:02:47]} f6
{[%clk 0:02:42]} 14. Bg3 {[%clk 0:02:35]} f5 {[%clk 0:02:42]} 15. Be5
{[%clk 0:01:55]} O-O {[%clk 0:02:35]} 16. h3 {[%clk 0:01:24]} Nf6
{[%clk 0:02:22]} 17. g4 {[%clk 0:01:23]} g6 {[%clk 0:01:40]} 18. gxf5
{[%clk 0:01:05]} gxf5 {[%clk 0:01:40]} 19. Rg1+ {[%clk 0:01:04]} Kh8
{[%clk 0:01:42]} 20. O-O-O {[%clk 0:00:57]} Nxe5 {[%clk 0:01:28]} 21. Nxe5
{[%clk 0:00:52]} Rc8 {[%clk 0:01:21]} 22. Kb1 {[%clk 0:00:44]} Be8
{[%clk 0:01:20]} 23. Qb3 {[%clk 0:00:36]} b5 {[%clk 0:01:04]} 24. Ne2
{[%clk 0:00:36]} Ne4 {[%clk 0:00:57]} 25. Rg2 {[%clk 0:00:35]} Qb6
{[%clk 0:00:43]} 26. f3 {[%clk 0:00:32]} Nd6 {[%clk 0:00:41]} 27. Nf4
{[%clk 0:00:32]} Nc4 {[%clk 0:00:41]} 28. Bxc4 {[%clk 0:00:13]} dxc4
{[%clk 0:00:42]} 29. Qc2 {[%clk 0:00:12]} b4 {[%clk 0:00:31]} 30. d5
{[%clk 0:00:09]} Qxe3 {[%clk 0:00:24]} 31. Nxe6 {[%clk 0:00:07]} Qxe5
{[%clk 0:00:18]} 32. Re2 {[%clk 0:00:07]} Qf6 {[%clk 0:00:10]} 33. d6
{[%clk 0:00:08]} b3 {[%clk 0:00:09]} 34. Qd2 {[%clk 0:00:08]} c3 {[%clk 0:00:09]}
35. bxc3 {[%clk 0:00:09]} Bb5 {[%clk 0:00:05]} 36. Re3 {[%clk 0:00:09]} Rcd8
{[%clk 0:00:03]} 37. Nxd8 {[%clk 0:00:08]} Bxd8 {[%clk 0:00:04]} 38. Kb2
{[%clk 0:00:08]} Bc4 {[%clk 0:00:05]} 39. Qd4 {[%clk 0:00:09]} Bg8
{[%clk 0:00:04]} 40. d7 {[%clk 0:00:10]} Qxd4 {[%clk 0:00:04]} 41. Rxd4
{[%clk 0:00:11]} Bf7 {[%clk 0:00:05]} 42. Re5 {[%clk 0:00:11]} Bf6
{[%clk 0:00:05]} 43. Rxf5 {[%clk 0:00:11]} Bxd4 {[%clk 0:00:05]} 44. Rxf7
{[%clk 0:00:12]} Bxc3+ 45. Kxc3 {[%clk 0:00:14]} Rb8 {[%clk 0:00:05]} 46. Re7
{[%clk 0:00:13]} 1-0

[Event "blitmenteam"]
[Site "?"]
[Date "2016.10.07"]
[Round "3.5"]
[White "Ponkratov, Pavel"]
[Black "Alekseev, Evgeny"]
[Result "1/2-1/2"]
[LiveChessVersion "1.4.4"]
[BlackElo "2662"]
[WhiteElo "2679"]

1. c4 {[%clk 0:03:03]} c5 {[%clk 0:03:02]} 2. Nf3 {[%clk 0:03:04]} Nc6
{[%clk 0:03:03]} 3. g3 {[%clk 0:03:05]} g6 {[%clk 0:03:03]} 4. d4
{[%clk 0:03:04]} cxd4 {[%clk 0:03:03]} 5. Nxd4 {[%clk 0:03:05]} Bg7
{[%clk 0:02:59]} 6. e3 {[%clk 0:03:06]} d5 {[%clk 0:02:37]} 7. Nb5
{[%clk 0:02:50]} a6 {[%clk 0:02:23]} 8. cxd5 {[%clk 0:02:44]} axb5
{[%clk 0:02:24]} 9. dxc6 {[%clk 0:02:45]} Qxd1+ 10. Kxd1 {[%clk 0:02:46]} bxc6
{[%clk 0:02:19]} 11. Bg2 {[%clk 0:02:47]} Bb7 {[%clk 0:01:56]} 12. Kc2
{[%clk 0:02:46]} Nf6 {[%clk 0:01:50]} 13. Bd2 {[%clk 0:02:41]} Nd5
{[%clk 0:01:48]} 14. e4 {[%clk 0:02:32]} Nc7 {[%clk 0:01:26]} 15. Bc3
{[%clk 0:02:26]} e5 {[%clk 0:01:24]} 16. f4 Ne6 17. Nd2 {[%clk 0:01:53]} c5
{[%clk 0:01:21]} 18. Bxe5 {[%clk 0:01:31]} Bxe5 {[%clk 0:01:22]} 19. fxe5 Ke7 20.
a3 {[%clk 0:01:19]} Rhd8 {[%clk 0:01:22]} 21. Rad1 {[%clk 0:01:09]} Ra4
{[%clk 0:01:08]} 22. Rhf1 {[%clk 0:00:59]} Nd4+ {[%clk 0:00:45]} 23. Kb1
{[%clk 0:00:59]} b4 {[%clk 0:00:46]} 24. Nc4 {[%clk 0:00:25]} bxa3
{[%clk 0:00:38]} 25. Nxa3 {[%clk 0:00:25]} Ba6 {[%clk 0:00:32]} 26. Rf6
{[%clk 0:00:25]} Rb8 {[%clk 0:00:31]} 27. Kc1 {[%clk 0:00:21]} Ne2+
{[%clk 0:00:26]} 28. Kc2 {[%clk 0:00:22]} Nd4+ {[%clk 0:00:27]} 29. Kc1
{[%clk 0:00:23]} Rb3 {[%clk 0:00:21]} 30. Bf1 {[%clk 0:00:22]} Be2
{[%clk 0:00:08]} 31. Bxe2 {[%clk 0:00:21]} Nxe2+ {[%clk 0:00:09]} 32. Kc2
{[%clk 0:00:23]} Re3 {[%clk 4:12:09]} 33. Rdf1 {[%clk 0:00:23]} Nd4+
{[%clk 0:00:09]} 34. Kb1 {[%clk 0:00:24]} Rxe4 {[%clk 0:00:09]} 35. Rxf7+
{[%clk 0:00:25]} Ke6 {[%clk 0:00:11]} 36. Rxh7 {[%clk 0:00:23]} Re2
{[%clk 0:00:11]} 37. Rb7 {[%clk 0:00:23]} Rb4 {[%clk 0:00:09]} 38. Rxb4
{[%clk 0:00:20]} cxb4 {[%clk 0:00:10]} 39. Nc4 {[%clk 0:00:20]} Kd5
{[%clk 0:00:12]} 40. Nb6+ {[%clk 0:00:17]} Kxe5 {[%clk 0:00:12]} 41. h4
{[%clk 0:00:15]} 1/2-1/2

[Event "blitmenteam"]
[Site "?"]
[Date "2016.10.07"]
[Round "3.6"]
[White "Romanov, Evgeny"]
[Black "Khismatullin, Denis"]
[Result "0-1"]
[LiveChessVersion "1.4.4"]
[BlackElo "2604"]
[WhiteElo "2518"]

1. d4 {[%clk 0:03:03]} Nf6 {[%clk 0:03:03]} 2. Bg5 {[%clk 0:03:04]} e6
{[%clk 0:03:05]} 3. Nd2 {[%clk 0:03:05]} d5 {[%clk 0:02:56]} 4. e3
{[%clk 0:03:05]} Be7 {[%clk 0:02:55]} 5. Bd3 {[%clk 0:03:05]} c5 {[%clk 0:02:56]}
6. c3 {[%clk 0:03:06]} Nc6 {[%clk 0:02:55]} 7. f4 {[%clk 0:03:07]} Qb6
{[%clk 0:02:18]} 8. Rb1 {[%clk 0:03:07]} h6 {[%clk 0:01:55]} 9. Bh4
{[%clk 0:03:07]} Qc7 {[%clk 0:01:56]} 10. Bg3 {[%clk 0:02:03]} Bd6
{[%clk 0:01:43]} 11. Qf3 {[%clk 0:02:01]} b6 {[%clk 0:01:41]} 12. Ne2
{[%clk 0:01:50]} Bb7 {[%clk 0:01:41]} 13. O-O {[%clk 0:01:51]} O-O-O
{[%clk 0:01:31]} 14. Rfc1 {[%clk 0:01:38]} Kb8 {[%clk 0:01:30]} 15. a4
{[%clk 0:01:37]} Rc8 {[%clk 0:01:13]} 16. b3 {[%clk 0:01:30]} Ka8
{[%clk 0:01:02]} 17. dxc5 {[%clk 0:01:06]} bxc5 {[%clk 0:00:50]} 18. b4
{[%clk 0:01:06]} cxb4 {[%clk 0:00:41]} 19. cxb4 {[%clk 0:01:03]} Qe7
{[%clk 0:00:42]} 20. Nd4 {[%clk 0:00:36]} Nxd4 {[%clk 0:00:37]} 21. exd4
{[%clk 0:00:37]} Bxb4 {[%clk 0:00:38]} 22. Qe2 {[%clk 0:00:25]} a5
{[%clk 0:00:24]} 23. Nb3 {[%clk 0:00:22]} Rxc1+ 24. Rxc1 {[%clk 0:00:23]} Rc8
{[%clk 0:00:17]} 25. Nc5 {[%clk 0:00:06]} Bxc5 {[%clk 0:00:17]} 26. dxc5
{[%clk 0:00:07]} Rxc5 {[%clk 0:00:17]} 27. Rb1 {[%clk 0:00:07]} d4
{[%clk 0:00:13]} 28. Bf2 {[%clk 0:00:06]} Qd6 {[%clk 0:00:13]} 29. Qb2 0-1

[Event "blitmenteam"]
[Site "?"]
[Date "2016.10.07"]
[Round "3.7"]
[White "Pridorozhni, Aleksei"]
[Black "Levin, Evgeny A."]
[Result "1-0"]
[LiveChessVersion "1.4.4"]
[BlackElo "2480"]
[WhiteElo "2611"]

1. e4 {[%clk 0:03:03]} d5 {[%clk 0:03:03]} 2. Nc3 {[%clk 0:03:04]} Nf6
{[%clk 0:03:04]} 3. e5 {[%clk 0:03:05]} Nfd7 {[%clk 0:03:06]} 4. Nxd5
{[%clk 0:03:05]} Nxe5 {[%clk 0:03:06]} 5. Ne3 {[%clk 0:03:07]} c5
{[%clk 0:03:07]} 6. b4 {[%clk 0:03:08]} cxb4 {[%clk 0:02:56]} 7. d4
{[%clk 0:03:08]} Ng6 {[%clk 0:02:55]} 8. Nf3 {[%clk 0:03:09]} e6 {[%clk 0:02:52]}
9. h4 {[%clk 0:03:09]} h6 {[%clk 0:02:47]} 10. g3 {[%clk 0:03:09]} Nc6
{[%clk 0:02:39]} 11. Bg2 {[%clk 0:03:09]} Bd6 {[%clk 0:02:37]} 12. O-O
{[%clk 0:03:07]} O-O {[%clk 0:02:37]} 13. a3 {[%clk 0:03:08]} bxa3
{[%clk 0:02:31]} 14. c4 {[%clk 0:03:08]} Bb4 {[%clk 0:01:46]} 15. Bxa3
{[%clk 0:03:03]} Bxa3 {[%clk 0:01:47]} 16. Rxa3 {[%clk 0:03:04]} Qe7
{[%clk 0:01:44]} 17. Qa1 {[%clk 0:02:57]} Rd8 {[%clk 0:01:44]} 18. d5
{[%clk 0:02:49]} exd5 {[%clk 0:01:40]} 19. cxd5 {[%clk 0:02:34]} Nce5
{[%clk 0:01:31]} 20. Nxe5 {[%clk 0:02:30]} Qxe5 {[%clk 0:01:28]} 21. Rxa7
{[%clk 0:02:19]} Qxa1 {[%clk 0:01:28]} 22. Rfxa1 {[%clk 0:02:20]} Rxa7
{[%clk 0:01:28]} 23. Rxa7 {[%clk 0:02:21]} Ne5 {[%clk 0:01:07]} 24. Ra8
{[%clk 0:02:03]} Re8 {[%clk 0:01:05]} 25. d6 {[%clk 0:01:51]} Kf8
{[%clk 0:00:39]} 26. f4 {[%clk 0:00:51]} Ng4 {[%clk 0:00:08]} 27. Rxc8 Rxc8
{[%clk 0:00:09]} 28. Nxg4 {[%clk 0:00:31]} Rd8 {[%clk 0:00:08]} 29. Bxb7 Rxd6
{[%clk 0:00:10]} 30. Kf2 {[%clk 0:00:30]} Rb6 {[%clk 0:00:11]} 31. Be4
{[%clk 0:00:30]} Rb2+ {[%clk 0:00:13]} 32. Kf3 {[%clk 0:00:31]} Rb3+
{[%clk 0:00:14]} 33. Ne3 {[%clk 0:00:32]} Ra3 {[%clk 0:00:11]} 34. h5
{[%clk 0:00:31]} Rc3 {[%clk 0:00:12]} 35. g4 {[%clk 0:00:23]} Ra3
{[%clk 0:00:12]} 36. f5 {[%clk 0:00:20]} Rc3 {[%clk 0:00:08]} 37. Kf4
{[%clk 0:00:21]} f6 {[%clk 0:00:06]} 38. Nc2 {[%clk 0:00:18]} Rc4
{[%clk 0:00:07]} 39. Ke3 Rc3+ 40. Bd3 {[%clk 0:00:19]} Rc7 {[%clk 0:00:10]} 41.
Nd4 {[%clk 0:00:20]} Re7+ {[%clk 0:00:10]} 42. Ne6+ {[%clk 0:00:20]} Kg8
{[%clk 0:00:11]} 43. Bc4 {[%clk 0:00:20]} Kh8 {[%clk 0:00:08]} 44. Kd4
{[%clk 0:00:21]} Rd7+ {[%clk 0:00:09]} 45. Bd5 {[%clk 0:00:22]} Ra7
{[%clk 0:00:11]} 46. Nc5 {[%clk 0:00:16]} Ra1 {[%clk 0:00:11]} 47. Bf7
{[%clk 0:00:16]} Rg1 {[%clk 0:00:10]} 48. Kd5 {[%clk 0:00:17]} Rxg4
{[%clk 0:00:07]} 49. Ne6 {[%clk 0:00:15]} Rg1 {[%clk 0:00:05]} 50. Kd6
{[%clk 0:00:15]} Ra1 {[%clk 0:00:06]} 51. Nc5 {[%clk 0:00:14]} Ra7
{[%clk 0:00:07]} 52. Nd7 {[%clk 0:00:14]} Kh7 {[%clk 0:00:06]} 53. Ke6
{[%clk 0:00:15]} Kh8 {[%clk 0:00:07]} 54. Bg6 {[%clk 0:00:15]} Kg8
{[%clk 0:00:07]} 55. Nc5 {[%clk 0:00:16]} Kh8 {[%clk 0:00:07]} 56. Ne4
{[%clk 0:00:16]} Ra6+ {[%clk 0:00:08]} 57. Nd6 {[%clk 0:00:17]} Rb6
{[%clk 0:00:09]} 58. Ke7 {[%clk 0:00:17]} Ra6 {[%clk 0:00:10]} 59. Nc8
{[%clk 0:00:17]} Rc6 {[%clk 0:00:11]} 60. Kd7 {[%clk 0:00:17]} Ra6
{[%clk 0:00:12]} 61. Kc7 {[%clk 0:00:18]} Kg8 {[%clk 0:00:12]} 62. Ne7+
{[%clk 0:00:19]} Kh8 {[%clk 0:00:13]} 63. Nc6 {[%clk 0:00:20]} Ra4
{[%clk 0:00:14]} 64. Kd6 {[%clk 0:00:14]} Ra6 {[%clk 0:00:15]} 65. Kd7
{[%clk 0:00:15]} Ra4 {[%clk 0:00:16]} 66. Bf7 {[%clk 0:00:16]} Ra6
{[%clk 0:00:17]} 67. Bd5 {[%clk 0:00:14]} Ra4 {[%clk 0:00:17]} 68. Ke7
{[%clk 0:00:14]} Ra6 {[%clk 0:00:17]} 69. Kf8 {[%clk 0:00:14]} Ra8+
{[%clk 0:00:15]} 70. Kf7 {[%clk 0:00:15]} Kh7 {[%clk 0:00:16]} 71. Ne7
{[%clk 0:00:16]} Ra7 {[%clk 0:00:16]} 72. Kf8 {[%clk 0:00:16]} g5
{[%clk 0:00:04]} 73. hxg6+ {[%clk 0:00:16]} 1-0

[Event "blitmenteam"]
[Site "?"]
[Date "2016.10.07"]
[Round "3.8"]
[White "Usmanov, Vasily"]
[Black "Bologan, Victor"]
[Result "0-1"]
[LiveChessVersion "1.4.4"]
[BlackElo "2601"]
[WhiteElo "2396"]

1. c4 {[%clk 0:03:01]} e5 {[%clk 0:03:03]} 2. Nc3 {[%clk 0:03:00]} Bb4
{[%clk 0:03:04]} 3. Nd5 {[%clk 0:02:59]} Bc5 {[%clk 0:03:04]} 4. e3
{[%clk 0:02:57]} Nf6 {[%clk 0:03:03]} 5. Qc2 {[%clk 0:02:56]} Nxd5
{[%clk 0:02:54]} 6. cxd5 {[%clk 0:02:57]} d6 {[%clk 0:02:55]} 7. Nf3
{[%clk 0:02:58]} Bb6 {[%clk 0:02:51]} 8. Bb5+ {[%clk 0:02:50]} Nd7
{[%clk 0:02:49]} 9. O-O {[%clk 0:02:50]} O-O {[%clk 0:02:50]} 10. b4
{[%clk 0:02:35]} Nf6 {[%clk 0:02:29]} 11. e4 {[%clk 0:01:53]} Nh5
{[%clk 0:02:27]} 12. d4 {[%clk 0:01:39]} Bg4 {[%clk 0:02:10]} 13. Be2
{[%clk 0:01:39]} Bxf3 {[%clk 0:02:07]} 14. Bxf3 {[%clk 0:01:37]} Bxd4
{[%clk 0:02:07]} 15. Rb1 {[%clk 0:01:34]} Nf4 {[%clk 0:02:00]} 16. Rd1
{[%clk 0:01:24]} Bb6 {[%clk 0:02:01]} 17. Bxf4 {[%clk 0:01:20]} exf4
{[%clk 0:02:01]} 18. a4 {[%clk 0:01:18]} a5 {[%clk 0:01:58]} 19. bxa5
{[%clk 0:01:14]} Rxa5 {[%clk 0:01:59]} 20. Rb4 {[%clk 0:01:06]} Qf6
{[%clk 0:01:54]} 21. Rc1 {[%clk 0:00:53]} g6 {[%clk 0:01:49]} 22. Qc3
{[%clk 0:00:49]} Qxc3 {[%clk 0:01:43]} 23. Rxc3 {[%clk 0:00:50]} Rfa8
{[%clk 0:01:43]} 24. Bd1 {[%clk 0:00:47]} Kg7 {[%clk 0:01:35]} 25. Rf3
{[%clk 0:00:43]} Re8 {[%clk 0:01:29]} 26. Rxf4 {[%clk 0:00:38]} Rc5
{[%clk 0:00:55]} 27. Kf1 {[%clk 0:00:39]} Rc1 {[%clk 0:00:49]} 28. Ke2
{[%clk 0:00:37]} Ra1 {[%clk 0:00:48]} 29. Rc4 {[%clk 0:00:36]} Ra2+
{[%clk 0:00:45]} 30. Bc2 {[%clk 0:00:36]} Bc5 {[%clk 0:00:44]} 31. Rf3
{[%clk 0:00:26]} f5 {[%clk 0:00:39]} 32. Kd1 {[%clk 0:00:26]} fxe4
{[%clk 0:00:33]} 33. Bxe4 {[%clk 0:00:27]} Re5 {[%clk 0:00:26]} 34. Rb3
{[%clk 0:00:25]} b6 {[%clk 0:00:25]} 35. f4 {[%clk 0:00:23]} Re7 {[%clk 0:00:25]}
36. h4 Rf2 {[%clk 0:00:25]} 37. Bf3 {[%clk 0:00:14]} Rf1+ {[%clk 0:00:24]} 38.
Kc2 {[%clk 0:00:15]} Ree1 {[%clk 0:00:22]} 39. Rb2 {[%clk 0:00:13]} Rc1+
{[%clk 0:00:21]} 40. Kb3 {[%clk 0:00:15]} Ra1 {[%clk 0:00:22]} 41. Ra2
{[%clk 0:00:10]} Rfb1+ {[%clk 0:00:22]} 42. Kc2 {[%clk 0:00:10]} Rc1+
{[%clk 0:00:19]} 43. Kb3 {[%clk 0:00:11]} Rxc4 {[%clk 0:00:19]} 44. Rxa1
{[%clk 0:00:12]} Rxf4 {[%clk 0:00:19]} 45. Re1 {[%clk 0:00:13]} Rb4+
{[%clk 0:00:13]} 46. Kc2 {[%clk 0:00:13]} Rxa4 {[%clk 0:00:12]} 47. Re7+
{[%clk 0:00:14]} Kh6 {[%clk 0:00:13]} 48. h5 {[%clk 0:00:11]} Kg5
{[%clk 0:00:09]} 49. Rxh7 {[%clk 0:00:12]} gxh5 50. Rxh5+ {[%clk 0:00:13]} Kf6
{[%clk 0:00:11]} 51. Rh7 {[%clk 0:00:13]} Ra7 {[%clk 0:00:12]} 52. Be2
{[%clk 0:00:12]} Ra2+ {[%clk 0:00:12]} 53. Kd1 {[%clk 0:00:13]} Ke5
{[%clk 0:00:12]} 54. Bf3 {[%clk 0:00:13]} Kd4 {[%clk 0:00:13]} 55. Rh4+
{[%clk 0:00:08]} Kc3 {[%clk 0:00:13]} 56. Ke1 {[%clk 0:00:08]} Bf2+
{[%clk 0:00:13]} 57. Kf1 {[%clk 0:00:07]} Bxh4 {[%clk 0:00:14]} 0-1

[Event "blitmenteam"]
[Site "?"]
[Date "2016.10.07"]
[Round "3.9"]
[White "Fedoseev, Vladimir"]
[Black "Artemiev, Vladislav"]
[Result "0-1"]
[LiveChessVersion "1.4.4"]
[BlackElo "2781"]
[WhiteElo "2702"]

1. Nf3 {[%clk 0:03:03]} d5 {[%clk 0:03:02]} 2. g3 {[%clk 0:03:04]} g6
{[%clk 0:03:03]} 3. Bg2 {[%clk 0:03:05]} Bg7 {[%clk 0:03:04]} 4. O-O
{[%clk 0:03:04]} Nf6 {[%clk 0:03:05]} 5. b3 {[%clk 0:03:05]} Ne4 {[%clk 0:03:05]}
6. d4 {[%clk 0:03:03]} c5 {[%clk 0:03:06]} 7. Bb2 {[%clk 0:03:03]} Nc6
{[%clk 0:03:07]} 8. Na3 {[%clk 0:02:26]} O-O {[%clk 0:02:59]} 9. c3
{[%clk 0:02:18]} Qa5 {[%clk 0:02:49]} 10. Rc1 {[%clk 0:02:08]} Bf5
{[%clk 0:02:37]} 11. h3 {[%clk 0:02:02]} Rad8 {[%clk 0:02:34]} 12. e3
{[%clk 0:02:00]} e5 {[%clk 0:02:17]} 13. dxc5 {[%clk 0:01:54]} Nxc5
{[%clk 0:02:02]} 14. b4 {[%clk 0:01:41]} Qb6 {[%clk 0:02:03]} 15. bxc5
{[%clk 0:01:04]} Qxb2 {[%clk 0:02:04]} 16. Qb3 {[%clk 0:01:05]} Qxb3 17. axb3
{[%clk 0:01:06]} Rfe8 {[%clk 0:01:49]} 18. Rfd1 {[%clk 0:01:07]} Bf8
{[%clk 0:01:46]} 19. b4 {[%clk 0:01:08]} a5 {[%clk 0:01:48]} 20. Nh4
{[%clk 0:00:35]} axb4 {[%clk 0:01:43]} 21. cxb4 {[%clk 0:00:34]} Nxb4
{[%clk 0:01:44]} 22. Nxf5 {[%clk 0:00:34]} gxf5 {[%clk 0:01:45]} 23. Nb5
{[%clk 0:00:34]} Rd7 {[%clk 0:00:49]} 24. h4 {[%clk 0:00:24]} Rc8
{[%clk 0:00:18]} 25. Bh3 {[%clk 0:00:25]} Rxc5 {[%clk 0:00:19]} 26. Bxf5
{[%clk 0:00:23]} Rd8 {[%clk 0:00:20]} 27. Rxc5 {[%clk 0:00:18]} Bxc5
{[%clk 0:00:21]} 28. Kg2 {[%clk 0:00:15]} d4 {[%clk 0:00:19]} 29. Be4
{[%clk 0:00:15]} b6 {[%clk 0:00:20]} 30. exd4 {[%clk 0:00:14]} exd4
{[%clk 0:00:21]} 31. Kf3 {[%clk 0:00:15]} d3 {[%clk 0:00:21]} 32. Na3
{[%clk 0:00:14]} Rd4 {[%clk 0:00:15]} 33. Nb5 {[%clk 0:00:14]} Rd7
{[%clk 0:00:14]} 34. Na3 {[%clk 0:00:14]} Rd6 {[%clk 0:00:14]} 35. g4
{[%clk 0:00:12]} Rf6+ {[%clk 0:00:05]} 36. Bf5 {[%clk 0:00:13]} h5
{[%clk 0:00:07]} 37. Nc4 {[%clk 0:00:14]} hxg4+ {[%clk 0:00:08]} 38. Kxg4
{[%clk 0:00:14]} Bxf2 {[%clk 0:00:09]} 39. Ne5 {[%clk 0:00:12]} Nd5
{[%clk 0:00:07]} 40. Kg5 {[%clk 0:00:10]} Rxf5+ 41. Kxf5 {[%clk 0:00:11]} Ne3+
{[%clk 0:00:08]} 42. Ke4 {[%clk 0:00:09]} Nxd1 {[%clk 0:00:09]} 43. Nxd3
{[%clk 0:00:10]} Bxh4 {[%clk 0:00:10]} 44. Kd5 {[%clk 0:00:09]} Nc3+
{[%clk 0:00:09]} 45. Kc6 {[%clk 0:00:10]} Bd8 {[%clk 0:00:09]} 46. Ne5
{[%clk 0:00:08]} b5 {[%clk 0:00:09]} 47. Kd7 {[%clk 0:00:08]} Bf6
{[%clk 0:00:10]} 48. Nc6 {[%clk 0:00:09]} Na2 {[%clk 0:00:06]} 49. Na5
{[%clk 0:00:07]} b4 {[%clk 0:00:07]} 50. Nb3 {[%clk 0:00:08]} Nc3
{[%clk 0:00:06]} 51. Kd6 {[%clk 0:00:09]} Nb5+ {[%clk 0:00:06]} 52. Kc5
{[%clk 0:00:10]} Nd4 {[%clk 0:00:07]} 53. Nxd4 {[%clk 0:00:09]} Bxd4+
{[%clk 0:00:07]} 54. Kxd4 {[%clk 0:00:10]} Kg7 {[%clk 0:00:09]} 55. Kc4
{[%clk 0:00:11]} Kf6 {[%clk 0:00:10]} 56. Kxb4 {[%clk 0:00:12]} Ke5
{[%clk 0:00:12]} 57. Kc3 {[%clk 0:00:13]} Ke4 {[%clk 0:00:13]} 58. Kd2
{[%clk 0:00:14]} Kf3 {[%clk 0:00:14]} 59. Ke1 {[%clk 0:00:15]} f5
{[%clk 0:00:14]} 60. Kf1 {[%clk 0:00:16]} f4 0-1

[Event "blitmenteam"]
[Site "?"]
[Date "2016.10.07"]
[Round "3.11"]
[White "Yuffa, Daniil"]
[Black "Timofeev, Artyom"]
[Result "1/2-1/2"]
[LiveChessVersion "1.4.4"]
[BlackElo "2578"]
[WhiteElo "2460"]

1. d4 {[%clk 0:03:03]} d5 {[%clk 0:03:03]} 2. c4 {[%clk 0:03:05]} dxc4 3. e3 Nf6
{[%clk 0:03:02]} 4. Bxc4 {[%clk 0:03:08]} e6 {[%clk 0:03:03]} 5. Nf3
{[%clk 0:03:09]} a6 {[%clk 0:03:04]} 6. O-O {[%clk 0:03:09]} c5 {[%clk 0:03:05]}
7. Nc3 {[%clk 0:03:09]} b5 {[%clk 0:03:05]} 8. Be2 {[%clk 0:03:11]} Bb7
{[%clk 0:03:00]} 9. dxc5 {[%clk 0:03:12]} Bxc5 {[%clk 0:02:54]} 10. Qxd8+
{[%clk 0:03:12]} Kxd8 {[%clk 0:02:56]} 11. Ne5 {[%clk 0:02:59]} Ke7
{[%clk 0:02:55]} 12. Nd3 {[%clk 0:02:59]} Bd6 {[%clk 0:02:53]} 13. f3
{[%clk 0:02:49]} Nbd7 {[%clk 0:02:39]} 14. e4 {[%clk 0:02:50]} Ne5
{[%clk 0:02:38]} 15. Nf2 {[%clk 0:02:37]} Nc6 {[%clk 0:02:36]} 16. Be3
{[%clk 0:02:38]} Rhd8 {[%clk 0:02:20]} 17. Rfd1 {[%clk 0:02:38]} Be5
{[%clk 0:02:17]} 18. Bb6 {[%clk 0:02:23]} Rd7 {[%clk 0:02:11]} 19. g4
{[%clk 0:02:11]} Bd4 {[%clk 0:02:03]} 20. Bxd4 {[%clk 0:02:03]} Nxd4
{[%clk 0:02:03]} 21. Kf1 {[%clk 0:01:53]} Nc2 {[%clk 0:01:54]} 22. Rxd7+
{[%clk 0:01:53]} Nxd7 {[%clk 0:01:55]} 23. Rc1 {[%clk 0:01:54]} Ne3+
{[%clk 0:01:55]} 24. Ke1 {[%clk 0:01:53]} Rc8 {[%clk 0:01:45]} 25. Kd2
{[%clk 0:01:47]} Nc4+ {[%clk 0:01:43]} 26. Bxc4 {[%clk 0:01:48]} Rxc4
{[%clk 0:01:44]} 27. b3 {[%clk 0:01:43]} Rc8 {[%clk 0:01:44]} 28. Nd3
{[%clk 0:01:43]} f5 {[%clk 0:01:21]} 29. exf5 {[%clk 0:01:27]} exf5
{[%clk 0:01:22]} 30. Re1+ {[%clk 0:01:29]} Kf7 {[%clk 0:01:13]} 31. gxf5
{[%clk 0:01:13]} Bxf3 {[%clk 0:01:13]} 32. Re6 {[%clk 0:01:10]} Bb7
{[%clk 0:01:03]} 33. Rd6 {[%clk 0:00:49]} Ke7 {[%clk 0:01:03]} 34. Re6+
{[%clk 0:00:51]} Kf7 {[%clk 0:01:05]} 35. Rd6 {[%clk 0:00:52]} Ke7
{[%clk 0:01:06]} 36. Re6+ {[%clk 0:00:54]} Kf7 {[%clk 0:00:51]} 1/2-1/2